000 00884nam a2200253Ia 4500
999 _c54286
_d54286
001 21342
003 GE_BSU
005 20210909153344.0
008 181216s2017||||ru |||||||||||||| ||rus||
020 _a9785496007566
040 _cGE_BSU
080 _a612.821(075.8) П-86
245 _aПсихофизиология :
_bУч-к для студ. высш. учебн. завед. /
_cПод ред. Ю. И. Александрова.
250 _a4-е издание перераб.
264 _aМосква :
_bПитер,
_c2017.
300 _a463 стр. ;
_c24 см.
500 _aПредм. указатель стр. 456-463
541 _h93 Л.
653 _aПсихология
653 _aПсихофизиология
653 _aფსიქოლოგია
700 _aАлександрова, Ю. И.
_dРедактор
_912413
942 _cBK
_2udc